Dictionary of modern political ideologies /

Bibliographic Details
Other Authors: Riff, M. A. (Michael A.)
Format: Book
Language:English
Published: New York : St. Martin's Press, 1987.
Subjects:

MARC

Tag First Indicator Second Indicator Subfields
LEADER 00000cam a2200000 a 4500
001 in00000025028
005 20151007055709.0
008 870409s1987 nyu bd 00000 eng
010 |a  87009734  
020 |a 0312009283 :  |c $25.00 (est.) 
035 |a (OCoLC)15588779 
035 |9 AAB9003AM 
040 |a DLC  |c DLC  |d TXA  |d UtOrBLW 
049 |a TXAF  |c [A11111918] 
050 0 0 |a JA61  |b .D53 1987 
082 0 |a 320.5/03/21  |2 19 
245 0 0 |a Dictionary of modern political ideologies /  |c M.A. Riff, editor. 
264 1 |a New York :  |b St. Martin's Press,  |c 1987. 
300 |a xiv, 226 pages ;  |c 24 cm. 
336 |a text  |b txt  |2 rdacontent 
337 |a unmediated  |b n  |2 rdamedia 
338 |a volume  |b nc  |2 rdacarrier 
504 |a Includes bibliographies. 
650 0 |a Political science  |v Dictionaries. 
650 0 |a Ideology  |x Dictionaries. 
700 1 |a Riff, M. A.  |q (Michael A.) 
999 |a MARS 
999 f f |s 460c8d43-ce29-3e06-a0d9-75a0635ee804  |i b53ee304-49c9-3046-9ec3-4425aba5698d  |t 0 
952 f f |p ric  |a Texas A&M University  |b Rellis Campus  |c Joint Library Facility  |d Remote Storage  |t 0  |e JA61 .D53 1987  |h Library of Congress classification  |i unmediated -- volume  |m A14811111918 
998 f f |a JA61 .D53 1987  |t 0  |l Remote Storage